| 000 | 00544nam a22001577a 4500 | ||
|---|---|---|---|
| 999 |
_c534677 _d534677 |
||
| 020 | _qHard Cover. | ||
| 082 | _a624.1 | ||
| 100 | _aAyub, Bilal | ||
| 245 |
_aContigency Release: Contractor's Perspective on its Dynamic Management / _cBilal Ayub. |
||
| 260 |
_aIslamabad : _bNIT - NUST, _c2015. |
||
| 300 |
_axiii, 54 p. ill. : _c30cm. |
||
| 942 |
_2ddc _cTHE |
||
| 650 |
_aConstruction Engineering and Management - MS Thesis. _917023 |
||
| 700 |
_aDr. Muhammad Jamaluddin Thaheem. _916295 |
||